Histoire de la littérature allemande / (Record no. 155214)

MARC details
000 -LEADER
campo de control de longitud fija 00662nam a2200181 i 4500
001 - NÚMERO DE CONTROL
campo de control 155214
003 - IDENTIFICADOR DE NÚMERO DE CONTROL
campo de control ES-MaACL
005 - FECHA Y HORA DE LA ÚLTIMA TRANSACCIÓN
campo de control 20250801084635.0
008 - DATOS DE LONGITUD FIJA--INFORMACIÓN GENERAL
campo de control de longitud fija 040727m18701873fr |||| | fre d
100 1# - ENTRADA PRINCIPAL--NOMBRE DE PERSONA
Nombre de persona Heinrich, G.A.
9 (RLIN) 127833
245 10 - MENCIÓN DEL TÍTULO
Título Histoire de la littérature allemande /
Mención de responsabilidad, etc. par G.A. Heinrich.
260 ## - PUBLICACIÓN, DISTRIBUCIÓN, ETC.
Lugar de publicación, distribución, etc. Paris :
Nombre del editor, distribuidor, etc. Librairie A. Franck,
Fecha de publicación, distribución, etc. 1870-1873 (
Fabricante Imp. Pitrat Ainé)
300 ## - DESCRIPCIÓN FÍSICA
Extensión 3 v. (XI, 587; 571 p.; XI, 559 p.) ;
Dimensiones 22 cm.
650 00 - PUNTO DE ACCESO ADICIONAL DE MATERIA--TÉRMINO DE MATERIA
Término de materia o nombre geográfico como elemento de entrada Literatura alemana-
Subdivisión de forma Historia y crítica
9 (RLIN) 184352
852 ## - LOCALIZACIÓN
Ubicación ES-MaACL
Número de control de estantería B-1702-04
Nota libre - Enc. hol.
852 ## - LOCALIZACIÓN
Ubicación ES-MaACL
Número de control de estantería B-13609
Nota libre - Enc. hol.
condición física - Sólo el v. III
Holdings
Estatus retirado Estado de pérdida Estado de daño No para préstamo Colección Biblioteca de origen Biblioteca actual Ubicación en estantería Fecha de adquisición Fuente de adquisición Total de préstamos Signatura topográfica completa Código de barras Visto por última vez Precio de reemplazo Tipo de ítem Koha
        Libros del s. XIX Biblioteca del Ateneo de Madrid Biblioteca del Ateneo de Madrid Sala Pardo Bazán 17/01/2008     B-13609 1162362 23/02/2023 23/02/2023 Libro impreso antiguo
        Libros del s. XIX Biblioteca del Ateneo de Madrid Biblioteca del Ateneo de Madrid Sala Pardo Bazán 17/01/2008     B-1702-04 1162361 23/02/2023 23/02/2023 Libro impreso antiguo